Statistics for Countries & Continents Tile Select Quiz

Click here to take the quiz!

General Stats

  • This quiz has been taken 33 times
  • The average score is 59 of 60

Answer Stats

QuestionTileSelect% Correct
European countries.AlbaniaYes
100%
European countries.AlgeriaNo
100%
African countries.AngolaYes
100%
African countries.ArmeniaNo
100%
African countries.BelarusNo
100%
Asian countries.BelizeNo
100%
Asian countries.BhutanYes
100%
European countries.BotswanaNo
100%
Asian countries.BruneiYes
100%
American countries.CanadaYes
100%
Asian countries.ChinaYes
100%
Asian countries.ComorosNo
100%
American countries.DominicaYes
100%
African countries.EgyptYes
100%
Oceanic countries.FijiYes
100%
Asian countries.GabonNo
100%
Asian countries.GrenadaNo
100%
American countries.GuineaNo
100%
European countries.HungaryYes
100%
Oceanic countries.JamaicaNo
100%
European countries.JapanNo
100%
European countries.LatviaYes
100%
European countries.LiechtensteinYes
100%
Oceanic countries.MadagascarNo
100%
European countries.MaldivesNo
100%
European countries.MaltaYes
100%
Oceanic countries.Marshall IslandsYes
100%
American countries.MauritiusNo
100%
European countries.MoldovaYes
100%
American countries.MyanmarNo
100%
Oceanic countries.New ZealandYes
100%
European countries.NicaraguaNo
100%
Oceanic countries.ParaguayNo
100%
American countries.PhilippinesNo
100%
American countries.PortugalNo
100%
European countries.QatarNo
100%
Oceanic countries.Sri LankaNo
100%
American countries.St LuciaYes
100%
Asian countries.SudanNo
100%
African countries.SurinameNo
100%
African countries.TogoYes
100%
Oceanic countries.TongaYes
100%
Oceanic countries.Trinidad and TobagoNo
100%
African countries.VanuatuNo
100%
African countries.YemenNo
100%
Asian countries.BahrainYes
97%
American countries.BarbadosYes
97%
Asian countries.East TimorYes
97%
American countries.EcuadorYes
97%
Asian countries.JordanYes
97%
Oceanic countries.KiribatiYes
97%
African countries.LesothoYes
97%
African countries.MalawiYes
97%
Oceanic countries.MalaysiaNo
97%
African countries.Papua New GuineaNo
97%
American countries.SamoaNo
97%
Oceanic countries.TuvaluYes
97%
American countries.GuyanaYes
93%
Asian countries.LibyaNo
93%
African countries.SeychellesYes
86%

Score Distribution

Percentile by Number Answered

Percent of People with Each Score

Your Score History

You have not taken this quiz